Генетика, поведение, ответственность. О природе антиобщественных поступков и путях их предупреждения

Manylion Llyfryddiaeth
Prif Awdur: Дубинин Н. П. Николай Петрович
Awduron Eraill: Карпец И. И. Игорь Иванович, Кудрявцев В. Н. Владимир Николаевич
Crynodeb:Рез.: англ.
Iaith:Rwseg
Cyhoeddwyd: Москва, Политиздат, 1989
Rhifyn:2-е изд., перераб. и доп.
Pynciau:
Fformat: MixedMaterials Llyfr
KOHA link:https://koha.lib.tpu.ru/cgi-bin/koha/opac-detail.pl?biblionumber=252630

MARC

LEADER 00000nam0a2200000 4500
001 252630
005 20231101232753.0
010 |a 5250003583 
020 |a RU  |b 89-35828 
035 |a (RuTPU)RU\TPU\book\274980 
090 |a 252630 
100 |a 20140305d1989 k y0rusy5003 ca 
101 0 |a rus 
102 |a RU 
105 |a y z 001zy 
200 1 |a Генетика, поведение, ответственность. О природе антиобщественных поступков и путях их предупреждения  |f Н. П. Дубинин, И. И. Карпец, В. Н. Кудрявцев 
205 |a 2-е изд., перераб. и доп. 
210 |a Москва  |c Политиздат  |d 1989 
215 |a 350,[1] с. 
300 |a Рез.: англ. 
320 |a Библиография в примечаниях. 
606 1 |a Преступность  |x Причины  |2 stltpush  |3 (RuTPU)RU\TPU\subj\51464  |9 70058 
610 1 |a социальное и биологическое 
610 1 |a поведение 
610 1 |a генетика 
610 1 |a изучение 
610 1 |a преступления 
610 1 |a личность 
610 1 |a преступники 
610 1 |a преступное поведение 
610 1 |a преступность 
686 |a Х628.3  |2 rubbk 
700 1 |a Дубинин  |b Н. П.  |c русский генетик  |f 1907-1998  |g Николай Петрович  |2 stltpush  |3 (RuTPU)RU\TPU\pers\11528  |9 2718 
701 1 |a Карпец  |b И. И.  |g Игорь Иванович 
701 1 |a Кудрявцев  |b В. Н.  |g Владимир Николаевич 
801 0 |a RU  |b RuMRKP  |c 19950417  |g psbo 
801 1 |a RU  |b 63413507  |c 20140305 
801 2 |a RU  |b 63413507  |c 20171204  |g RCR 
942 |c BK